000 00756nam a2200229 a 4500
001 11015
003 CO-ViMGA
008 141112s2004 ck r 000 u spa d
020 _a9586430154
040 _aCO-ViMGA
_bspa
_cCO-ViMGA
082 0 4 _a336.34 S157
100 1 _aPaula Santander Francisco De,
_915193
245 1 0 _aSantander y los emprestitos de la gran Colombia 1822 - 1828
250 _a1
260 _aColombia,
_cEditorial Nomos Ltda,
_c1988
300 _a776 p. il.
650 1 4 _aCOLOMBIA - CONDICIONES ECONOMICAS 1822 - 1828
_915194
650 1 4 _aCOLOMBIA - Política ECONOMICA 1822 - 1828
_915195
650 1 4 _aCOLOMBIA - Política Y GOBIERNO 1822 - 1828
_915196
650 1 4 _aEMPRESTITOS COLOMBIA 1822 - 1828
_915197
942 _2ddc
_cBK
999 _c22231
_d22231